00285nam a2200121Ia 4500008004100000041000900041082001500050100001800065245002500083260003900108300000800147650000800155230718s9999 xx 000 0 und d aEng. a340bMOS-P aMossed, Tahir 0aPakistan law Journal aPakistanbALL Pakistan legalc1985 a574 aLaw